000 00752nam a22002177a 4500
005 20180809125211.0
010 _aB-099156
020 _a8188322172
_c400.00
035 _aB-099156, B-099158
037 _bOcean Books Pvt. Ltd.
082 _a305.56
100 _aChandra, R.
245 _aDalit identity:
_bhistory and tradition
_cR. Chandra [and] K. L. Chanchreek
260 _aNew Delhi
_bOcean Books Pvt. Ltd.
_c2002
270 _a4/19 Asaf Ali Road, New Delhi-110002
_bNew Delhi
_e110002
300 _a304p.
_c22cm(hb)
500 _aIt include index
700 _aChanchreek, K. L.
942 _2ddc
_cEN
_h305.56
_mCHA
999 _c153747
_d153747